Can You Name All Exotics in Fisch? - Statistics

General Stats
  • This quiz has been taken 97 times
    67 since last reset
  • The average score is 12 of 29
Answer Stats
Answer % Correct
Megalodon
97%
The Kraken
82%
Boots
77%
Frozen Leviathan
72%
Magma Leviathan
72%
Ancient Megalodon
69%
Crowned Anglerfish
69%
Crystallized Seadragon
69%
Speed Core
67%
Rocket Fuel
64%
Treble Bass
64%
Orca
59%
Blue Whale
51%
Golden Sea Pearl
46%
Tartaruga
41%
Molten Banshee
36%
Ancient Depth Serpent
33%
Baby Pond Emperor
31%
The Depths Key
31%
Anglers Lantern
18%
Whisper Eel
18%
X-ray Tetra
15%
Dreaming Aberration
10%
Sunray Sunscale
8%
Tropicspike
8%
Depth Drifter
5%
Idolfish
5%
Sea Leviathan
5%
Vortex Ray
5%
No matching quizzes found
Score Distribution
Percent of People with Each Score
Percentile by Number Answered
Your Score History
You have not taken this quiz since the last reset